Comparative study of soils under rubber (Hevea brasiliensis) and forest with reference to ion exchange and pedogenic components (Record no. 55962)

MARC details
000 -LEADER
fixed length control field 00673nam a2200181Ia 4500
100 ## - MAIN ENTRY--AUTHOR NAME
Personal name Satisha G C
245 #0 - TITLE STATEMENT
Title Comparative study of soils under rubber (Hevea brasiliensis) and forest with reference to ion exchange and pedogenic components
260 ## - PUBLICATION, DISTRIBUTION, ETC. (IMPRINT)
Name of publisher PLACROSYM XVIII. 10-13 December 2008, National Research Centre for Cashew, Puttur, Karnataka. Journal of Plantation Crops, 36 (3): 348-353.
Year of publication 2008
520 ## - SUMMARY, ETC.
Summary, etc DL
650 ## - SUBJECT ADDED ENTRY--TOPICAL TERM
Topical Term Ion exchange attributes
650 ## - SUBJECT ADDED ENTRY--TOPICAL TERM
Topical Term Natural forest
650 ## - SUBJECT ADDED ENTRY--TOPICAL TERM
Topical Term Pedogenic components
650 ## - SUBJECT ADDED ENTRY--TOPICAL TERM
Topical Term Soils
700 ## - ADDED ENTRY--PERSONAL NAME
Personal name Karthikakuttyamma M
700 ## - ADDED ENTRY--PERSONAL NAME
Personal name Suresh P R
942 ## - ADDED ENTRY ELEMENTS (KOHA)
Koha item type Journals
Holdings
Withdrawn status Lost status Damaged status Not for loan Home library Current library Shelving location Date acquired Koha item type
      Journals RRII Library RRII Library Agronomy 17/12/2008 Journals